La historia de las cosas: de cómo nuestra obsesión por las cosas está destruyendo el planeta, nuestras comunidades y nuestra salud. Y una visión de cambio

में बचाया:
ग्रंथसूची विवरण
मुख्य लेखकों: Leonard, Annie (लेखक), Conrad, Ariane (लेखक)
स्वरूप: पुस्तक
भाषा:स्पेनिश
प्रकाशित: Buenos Aires Fondo de Cultura Económica 2010
संस्करण:1a. ed
विषय:
टैग: टैग जोड़ें
कोई टैग नहीं, इस रिकॉर्ड को टैग करने वाले पहले व्यक्ति बनें!

MARC

LEADER 00000cam a2200000 a 4500
001 UCC0392
003 CL-VaPUC
008 170811e20100000ag |||||||||||||||||spa|d
020 |a 9789505578504 
082 0 4 |a 304.2  |b LEO  |2 21 
100 0 |a Leonard, Annie  |e author  |9 594341 
700 0 |a Conrad, Ariane  |e author  |9 594342 
245 1 3 |a La historia de las cosas: de cómo nuestra obsesión por las cosas está destruyendo el planeta, nuestras comunidades y nuestra salud. Y una visión de cambio 
250 |a 1a. ed 
300 |a 392 p 
942 |c BK 
945 |d 20170811 15:21:00  |a dcastane 
260 |a Buenos Aires  |b Fondo de Cultura Económica  |c 2010 
650 0 |a Ecología humana   |9 263207 
650 0 |a Problemas sociales  |9 258537 
650 7 |a CONTAMINACION  |2 CL-VaPUC  |9 258139 
650 7 |a HABITABILIDAD  |2 CL-VaPUC  |9 361137 
583 |a last modification  |c 20170811 15:21:00  |k Rodrigo Vera 
999 |c 369243  |d 369241